| 000 | 00579cam a2200169 4500 | ||
|---|---|---|---|
| 001 | D14367 | ||
| 008 | 090401t1958 xxu||||| |||| 00| 0 eng d | ||
| 035 | _a(Sirsi) u15146 | ||
| 041 | _aeng | ||
| 110 |
_aWar Office _93243 |
||
| 245 | _aManual of map reading, air photo reading and field sketching. Part 1 - Map reading. 1955. Part 2 - Air photo reading. 1958. Part 3 - Field sketching. 1957 | ||
| 260 |
_bHMSO _c1955-1958 |
||
| 350 | _a0 | ||
| 520 | _aManual of map reading, photo reading and field sketching, 1929, in Reserve; Shelf 183 | ||
| 942 | _n0 | ||
| 948 | _c04/03/1997 | ||
| 999 |
_c87257 _d87257 |
||